[Event "Titled Tuesday intern op 20th Dec Early"]
[Site "Chess.com INT"]
[Date "2022.12.20"]
[Round "9"]
[White "Danaci, Ege"]
[Black "Al Tarbosh, Ward"]
[Result "0-1"]
[WhiteElo "2088"]
[BlackElo "2242"]
[PlyCount "120"]
[EventDate "2022.12.20"]
[EventType "swiss (blitz)"]
[EventRounds "11"]
[EventCountry "USA"]
[SourceTitle "EXT 2024"]
[Source "ChessBase"]
[SourceDate "2023.10.10"]
[SourceVersion "1"]
[SourceVersionDate "2023.10.10"]
[SourceQuality "1"]

1. e4 c5 2. Nc3 Nc6 3. g3 e5 4. Bg2 Nf6 5. d3 d6 6. f4 Be7 7. Nf3 Bg4 8. h3 Bxf3 9. Qxf3 Qd7 10. 0-0 Nd4 11. Qf2 h5 12. Nd1 g6 13. c3 Ne6 14. f5 gxf5 15. exf5 Nd8 16. Ne3 Nc6 17. Nd5 0-0-0 18. Nxe7+ Qxe7 19. Bg5 Rhg8 20. h4 d5 21. Rae1 Qd6 22. b4 Ng4 23. Qxc5 Qxc5+ 24. bxc5 f6 25. Bd2 d4 26. Bxc6 bxc6 27. c4 Kd7 28. Rb1 Rb8 29. a4 Kc7 30. Kg2 Rxb1 31. Rxb1 Rb8 32. Ba5+ Kc8 33. Rxb8+ Kxb8 34. Bd8 Kc8 35. Be7 Kd7 36. Bd6 Ne3+ 37. Kf3 Nxf5 38. Bb8 a6 39. g4 hxg4+ 40. Kxg4 Ne3+ 41. Kf3 Ke6 42. Bd6 f5 43. Bf8 Kf6 44. Bh6 Ng4 45. Bg5+ Kg6 46. Bd8 Nf6 47. Bc7 e4+ 48. dxe4 fxe4+ 49. Kf4 d3 50. Ke3 Ng4+ 51. Kd2 Kh5 52. Bd8 Ne5 53. Kc3 Nf3 54. Bf6 Nxh4 55. Bd4 Nf3 56. Be3 Kg4 57. Bh6 Kh3 58. Be3 Kg2 59. a5 Kf1 60. Bf4 Ke2 0-1

[Event "Titled Tuesday intern op 20th Dec Early"]
[Site "Chess.com INT"]
[Date "2022.12.20"]
[Round "6"]
[White "Figorito, Nick"]
[Black "Danaci, Ege"]
[Result "0-1"]
[WhiteElo "2036"]
[BlackElo "2088"]
[PlyCount "70"]
[EventDate "2022.12.20"]
[EventType "swiss (blitz)"]
[EventRounds "11"]
[EventCountry "USA"]
[SourceTitle "EXT 2024"]
[Source "ChessBase"]
[SourceDate "2023.10.10"]
[SourceVersion "1"]
[SourceVersionDate "2023.10.10"]
[SourceQuality "1"]

1. Nf3 d5 2. g3 Nf6 3. Bg2 Bf5 4. 0-0 e6 5. d4 h6 6. c4 c6 7. Nc3 Nbd7 8. b3 Be7 9. Bb2 0-0 10. a3 Ne4 11. Nxe4 Bxe4 12. e3 a5 13. Nd2 Bd3 14. Re1 Qb6 15. Bc3 a4 16. c5 Qa6 17. b4 b6 18. Nf3 bxc5 19. dxc5 Bf6 20. Qd2 e5 21. Red1 e4 22. Nd4 Ne5 23. Qb2 Qc8 24. Rac1 h5 25. h4 Qg4 26. Qd2 Bxh4 27. Nxc6 Nxc6 28. gxh4 Qxh4 29. f3 f5 30. Qf2 Qg5 31. Kh2 Rae8 32. Rg1 Ne5 33. f4 Ng4+ 34. Kg3 Nxf2+ 35. Kxf2 Qh4# 0-1

[Event "Titled Tuesday intern op 10th May Late"]
[Site "Chess.com INT"]
[Date "2022.05.10"]
[Round "3"]
[White "Danaci, Ege"]
[Black "Simonovic, Miroslav"]
[Result "1-0"]
[WhiteElo "2197"]
[BlackElo "2115"]
[PlyCount "79"]
[EventDate "2022.05.10"]
[EventType "swiss (blitz)"]
[EventRounds "11"]
[EventCountry "USA"]
[SourceTitle "CBM 208 Extra"]
[Source "ChessBase"]
[SourceDate "2022.07.31"]
[SourceVersion "1"]
[SourceVersionDate "2022.07.31"]
[SourceQuality "1"]

1. e4 c5 2. Nc3 Nc6 3. g3 e5 4. Bg2 g6 5. d3 Bg7 6. f4 Nge7 7. Nh3 d6 8. 0-0 Bxh3 9. Bxh3 d5 10. fxe5 Nxe5 11. Bg5 dxe4 12. Nxe4 0-0 13. Kh1 f6 14. Nxf6+ Bxf6 15. Bxf6 Rxf6 16. Rxf6 Nf5 17. Rxf5 gxf5 18. Bxf5 Qf6 19. Be4 Rf8 20. Qh5 Ng6 21. Bg2 Qxb2 22. Re1 Qd4 23. Qd5+ Qxd5 24. Bxd5+ Kg7 25. Kg2 b6 26. c4 Rf6 27. h4 Kf8 28. h5 Ne7 29. g4 Nxd5 30. cxd5 Rd6 31. Re5 Kf7 32. Kf3 b5 33. Ke4 h6 34. Rf5+ Kg7 35. Rf1 a5 36. Ke5 Rd8 37. d6 b4 38. Ke6 Re8+ 39. Kd7 Re3 40. Rd1 1-0

[Event "Titled Tuesday intern op 10th May Early"]
[Site "Chess.com INT"]
[Date "2022.05.10"]
[Round "2"]
[White "Danaci, Ege"]
[Black "Wagner, Dennis"]
[Result "1/2-1/2"]
[WhiteElo "2197"]
[BlackElo "2586"]
[PlyCount "90"]
[EventDate "2022.05.10"]
[EventType "swiss (blitz)"]
[EventRounds "11"]
[EventCountry "USA"]
[SourceTitle "CBM 208 Extra"]
[Source "ChessBase"]
[SourceDate "2022.07.31"]
[SourceVersion "1"]
[SourceVersionDate "2022.07.31"]
[SourceQuality "1"]

1. e4 e5 2. Nf3 Nc6 3. d4 exd4 4. Nxd4 Bc5 5. Nb3 Bb6 6. Nc3 Nge7 7. Qe2 0-0 8. Be3 d5 9. 0-0-0 d4 10. Nb5 dxe3 11. Rxd8 Rxd8 12. fxe3 Ng6 13. N5d4 Nge5 14. h3 a5 15. a4 Nxd4 16. exd4 Bxd4 17. Nxd4 Rxd4 18. Qb5 Nc6 19. Bc4 Bd7 20. Qxb7 Rb8 21. Qxc7 Rxc4 22. Qxd7 Nd4 23. c3 Nb3+ 24. Kc2 Rxe4 25. Rd1 Re2+ 26. Kb1 g6 27. Qd6 Rb7 28. Qd5 Rb8 29. Qd6 Rb7 30. Qd8+ Kg7 31. Qd3 Ree7 32. c4 h5 33. Qc3+ Kh7 34. Rd8 f6 35. Qxf6 Rg7 36. Rd1 Nc5 37. Qc6 Rb4 38. Qxc5 Rgb7 39. Qd5 Rxb2+ 40. Kc1 Rb1+ 41. Kc2 R7b2+ 42. Kc3 Rb3+ 43. Kc2 R3b2+ 44. Kc3 Rb3+ 45. Kc2 R3b2+ 1/2-1/2

[Event "Ayvalik Bahar Gp-A"]
[Site "Ayvalik"]
[Date "2022.04.28"]
[Round "9"]
[White "Danaci, Ege"]
[Black "Kovchan, Alexander"]
[Result "1/2-1/2"]
[WhiteElo "2264"]
[BlackElo "2548"]
[PlyCount "48"]
[EventDate "2022.04.23"]
[EventType "schev"]
[EventRounds "9"]
[EventCountry "TUR"]
[SourceTitle "CBM 208 Extra"]
[Source "ChessBase"]
[SourceDate "2022.07.31"]
[SourceVersion "1"]
[SourceVersionDate "2022.07.31"]
[SourceQuality "1"]
[WhiteTeam "Team D"]
[BlackTeam "Team A"]
[WhiteTeamCountry "TUR"]
[BlackTeamCountry "TUR"]

1. e4 c5 2. Nc3 a6 3. g3 Nc6 4. Nge2 g6 5. d4 cxd4 6. Nxd4 Bg7 7. Be3 d6 8. Bg2 Bd7 9. 0-0 Nf6 10. Nd5 0-0 11. Nxc6 Bxc6 12. Bb6 Qd7 13. c4 Rac8 14. b3 Bxd5 15. exd5 Qf5 16. Re1 Rfe8 17. Bd4 b5 18. Rc1 bxc4 19. bxc4 Nd7 20. Be4 Qh3 21. Bg2 Qf5 22. Be4 Qh3 23. Bg2 Qf5 24. Be4 Qh3 1/2-1/2

[Event "Ayvalik Bahar Gp-A"]
[Site "Ayvalik"]
[Date "2022.04.26"]
[Round "6"]
[White "Danaci, Ege"]
[Black "Gunduz, Umut Erdem"]
[Result "0-1"]
[WhiteElo "2264"]
[BlackElo "2349"]
[PlyCount "52"]
[EventDate "2022.04.23"]
[EventType "schev"]
[EventRounds "9"]
[EventCountry "TUR"]
[SourceTitle "CBM 208 Extra"]
[Source "ChessBase"]
[SourceDate "2022.07.31"]
[SourceVersion "1"]
[SourceVersionDate "2022.07.31"]
[SourceQuality "1"]
[WhiteTeam "Team D"]
[BlackTeam "Team C"]
[WhiteTeamCountry "TUR"]
[BlackTeamCountry "TUR"]

1. e4 e6 2. d4 d5 3. Nd2 c5 4. Ngf3 cxd4 5. Nxd4 Nc6 6. Bb5 Bd7 7. Nxc6 bxc6 8. Bd3 Bd6 9. Qe2 e5 10. 0-0 Ne7 11. c4 d4 12. c5 Bxc5 13. Qh5 Ng6 14. f4 Qe7 15. f5 Nf4 16. Rxf4 exf4 17. Nc4 g6 18. Qf3 gxf5 19. Bxf4 fxe4 20. Bxe4 d3+ 21. Kh1 0-0 22. Ne5 Rad8 23. Bxd3 f6 24. Bc4+ Kh8 25. Nxc6 Bxc6 26. Qxc6 Rd4 0-1

[Event "Ayvalik Bahar Gp-A"]
[Site "Ayvalik"]
[Date "2022.04.23"]
[Round "1"]
[White "Ozsakallioglu, Okan"]
[Black "Danaci, Ege"]
[Result "1/2-1/2"]
[WhiteElo "2270"]
[BlackElo "2264"]
[PlyCount "82"]
[EventDate "2022.04.23"]
[EventType "schev"]
[EventRounds "9"]
[EventCountry "TUR"]
[SourceTitle "CBM 208 Extra"]
[Source "ChessBase"]
[SourceDate "2022.07.31"]
[SourceVersion "1"]
[SourceVersionDate "2022.07.31"]
[SourceQuality "1"]
[WhiteTeam "Team C"]
[BlackTeam "Team D"]
[WhiteTeamCountry "TUR"]
[BlackTeamCountry "TUR"]

1. e4 c5 2. Nf3 Nc6 3. d4 cxd4 4. Nxd4 Nf6 5. Nc3 e5 6. Ndb5 d6 7. Nd5 Nxd5 8. exd5 Nb8 9. c4 a6 10. Qa4 Bd7 11. Qa3 Bf5 12. Bg5 f6 13. Be3 Nc6 14. Nc3 Nd4 15. Bxd4 exd4 16. Ne2 Qe7 17. 0-0-0 g6 18. Rxd4 Bh6+ 19. Kd1 0-0 20. Ng3 Rfe8 21. Bd3 Bxd3 22. Rxd3 f5 23. f3 Rac8 24. Qb4 Qg5 25. Qc3 b5 26. b3 bxc4 27. bxc4 Bg7 28. Qc2 Qh4 29. Re1 Rxe1+ 30. Kxe1 f4 31. Qe2 Be5 32. Qe4 Qxh2 33. Ne2 Qxg2 34. Rb3 Re8 35. c5 Bc3+ 36. Nxc3 Rxe4+ 37. Nxe4 Qxa2 38. Rb8+ Kg7 39. Rb7+ Kg8 40. Rb8+ Kg7 41. Rb7+ Kg8 1/2-1/2

[Event "Titled Tuesday intern op 05th Apr Late"]
[Site "Chess.com INT"]
[Date "2022.04.05"]
[Round "3"]
[White "Danaci, Ege"]
[Black "Wieczorek, Oskar"]
[Result "0-1"]
[WhiteElo "2264"]
[BlackElo "2500"]
[PlyCount "176"]
[EventDate "2022.04.05"]
[EventType "swiss (blitz)"]
[EventRounds "11"]
[EventCountry "USA"]
[SourceTitle "CBM 207 Extra"]
[Source "ChessBase"]
[SourceDate "2022.05.31"]
[SourceVersion "1"]
[SourceVersionDate "2022.05.31"]
[SourceQuality "1"]

1. e4 c5 2. Nc3 e6 3. g3 Nc6 4. Bg2 Nge7 5. d3 g6 6. Be3 Nd4 7. Nce2 b6 8. c3 Nxe2 9. Nxe2 Bb7 10. d4 cxd4 11. Nxd4 Bg7 12. 0-0 a6 13. a4 0-0 14. Qd2 d5 15. exd5 Bxd5 16. Rad1 Bxg2 17. Kxg2 Qc7 18. Nc2 Qc6+ 19. Kg1 Nd5 20. Bd4 Qxa4 21. Bxg7 Kxg7 22. Qd4+ Qxd4 23. Nxd4 Rfc8 24. Rfe1 b5 25. Nf3 b4 26. cxb4 Rc2 27. Rd2 Rxd2 28. Nxd2 Rb8 29. Ra1 Rxb4 30. Rxa6 Rxb2 31. Nf3 Rb7 32. Ra2 h6 33. h4 Nc3 34. Rc2 Nd5 35. Kg2 Ne7 36. Rd2 Nf5 37. Re2 Kf6 38. g4 Ne7 39. g5+ hxg5 40. hxg5+ Kg7 41. Rc2 Nd5 42. Ra2 Rc7 43. Kg3 Ne7 44. Ra3 Nf5+ 45. Kg2 Ne7 46. Ne5 Nd5 47. Rf3 Nb6 48. Kg3 Nc8 49. Rd3 Ne7 50. Rd7 Rxd7 51. Nxd7 Nd5 52. Ne5 Kf8 53. f4 Ke7 54. Kf3 Nb6 55. Nc6+ Kd6 56. Ne5 Ke7 57. Nc6+ Ke8 58. Ne5 Nc8 59. Nc4 Ke7 60. Ne5 Nd6 61. Kg4 Kd8 62. Nc6+ Kc7 63. Ne5 Kb6 64. Kf3 Kc5 65. Ke3 Kd5 66. Ng4 Nc4+ 67. Kf3 Kd4 68. Nh6 Nd6 69. Kg4 Ke4 70. Kg3 Nf5+ 71. Kg4 Nd6 72. Kg3 Ke3 73. Kg4 Kf2 74. Ng8 Nc4 75. Nh6 Ne3+ 76. Kh4 Nf5+ 77. Kg4 Ne3+ 78. Kh4 Kf3 79. Nxf7 Kxf4 80. Nd8 Nf5+ 81. Kh3 Nd4 82. Nf7 Nf3 83. Nh8 Nxg5+ 84. Kg2 Kf5 85. Kf2 Kf6 86. Ke3 Kg7 87. Kf4 Kxh8 88. Kxg5 Kg7 0-1

[Event "Titled Tuesday intern op 05th Apr Late"]
[Site "Chess.com INT"]
[Date "2022.04.05"]
[Round "4"]
[White "Rustemov, Alexander"]
[Black "Danaci, Ege"]
[Result "1/2-1/2"]
[WhiteElo "2525"]
[BlackElo "2264"]
[PlyCount "117"]
[EventDate "2022.04.05"]
[EventType "swiss (blitz)"]
[EventRounds "11"]
[EventCountry "USA"]
[SourceTitle "CBM 207 Extra"]
[Source "ChessBase"]
[SourceDate "2022.05.31"]
[SourceVersion "1"]
[SourceVersionDate "2022.05.31"]
[SourceQuality "1"]

1. d4 Nf6 2. c4 g6 3. Nf3 Bg7 4. g3 0-0 5. Bg2 d6 6. Nc3 Nbd7 7. 0-0 e5 8. e4 exd4 9. Nxd4 Re8 10. h3 a6 11. Re1 Nc5 12. Rb1 Bd7 13. b4 Ne6 14. Be3 Nxd4 15. Bxd4 Be6 16. Nd5 c6 17. Nb6 Rb8 18. Qd3 c5 19. Bxf6 Bxf6 20. bxc5 dxc5 21. Qxd8 Rexd8 22. e5 Bg7 23. a4 Bf5 24. Rbd1 Rxd1 25. Rxd1 Bxe5 26. g4 Be6 27. Bd5 Bd4 28. Bxe6 fxe6 29. Kg2 Kf7 30. Rd3 Ke7 31. a5 Rf8 32. f3 Kd6 33. Na4 Ke5 34. Rb3 Rf7 35. Kg3 g5 36. Rb6 Be3 37. Kg2 Rd7 38. Kf1 Kf4 39. Rxe6 Kxf3 40. Rf6+ Bf4 41. Ke1 Re7+ 42. Kd1 Kg3 43. Rh6 Rd7+ 44. Kc2 Be3 45. Nc3 Rd2+ 46. Kb3 Rd3 47. Kc2 Rd2+ 48. Kb1 Kf3 49. Rxh7 Bd4 50. Nd5 Rb2+ 51. Kc1 Ra2 52. Rxb7 Ke4 53. Rb3 Rxa5 54. Ne7 Ra1+ 55. Kc2 Ra2+ 56. Kb1 Ra1+ 57. Kc2 Ra2+ 58. Kb1 Ra1+ 59. Kc2 1/2-1/2

[Event "Titled Tuesday intern op 15th Feb Early"]
[Site "Chess.com INT"]
[Date "2022.02.15"]
[Round "3"]
[White "Zaichenko, Daria"]
[Black "Danaci, Ege"]
[Result "0-1"]
[WhiteElo "2104"]
[BlackElo "2264"]
[PlyCount "52"]
[EventDate "2022.02.15"]
[EventType "swiss (blitz)"]
[EventRounds "11"]
[EventCountry "USA"]
[SourceTitle "CBM 206 Extra"]
[Source "ChessBase"]
[SourceDate "2022.03.31"]
[SourceVersion "1"]
[SourceVersionDate "2022.03.31"]
[SourceQuality "1"]

1. e4 c5 2. Nf3 e6 3. d4 cxd4 4. Nxd4 a6 5. Nc3 b5 6. Be2 Bb7 7. Bf3 b4 8. Na4 Qa5 9. b3 Nc6 10. Be3 Ne5 11. 0-0 Nxf3+ 12. Qxf3 Nf6 13. Qe2 Nxe4 14. f4 Rc8 15. Rad1 Be7 16. f5 0-0 17. fxe6 dxe6 18. Qg4 h5 19. Qh3 Nf6 20. Nxe6 fxe6 21. Qxe6+ Rf7 22. Rd7 Bd5 23. Qf5 Nxd7 24. Qxd7 Rxf1+ 25. Kxf1 Qb5+ 26. Kg1 Qxd7 0-1

[Event "TUR Cup"]
[Site "Antalya"]
[Date "2020.01.28"]
[Round "4"]
[White "Kesgin, Halit Kaan"]
[Black "Danaci, Ege"]
[Result "1/2-1/2"]
[WhiteElo "2061"]
[BlackElo "1974"]
[PlyCount "120"]
[EventDate "2020.01.26"]
[EventType "swiss"]
[EventRounds "11"]
[EventCountry "TUR"]
[SourceTitle "CBM 194 Extra"]
[Source "ChessBase"]
[SourceDate "2020.03.31"]
[SourceVersion "1"]
[SourceVersionDate "2020.03.31"]
[SourceQuality "1"]

1. e4 c6 2. d4 d5 3. Nd2 dxe4 4. Nxe4 Bf5 5. Ng3 Bg6 6. N1e2 e6 7. Nf4 Bd6 8. h4 Qc7 9. Nxg6 hxg6 10. Ne4 Bf4 11. Bxf4 Qxf4 12. Ng5 Nd7 13. g3 Qd6 14. Bg2 Qb4+ 15. Qd2 Qxd2+ 16. Kxd2 Ngf6 17. Rad1 Ke7 18. Rhe1 Rhd8 19. c4 Nb6 20. Kc3 Kf8 21. b3 Rac8 22. Nh3 Rc7 23. a4 Nc8 24. a5 Rcd7 25. a6 Ne7 26. axb7 Rxb7 27. Nf4 Rb6 28. Nd3 Nd7 29. Ra1 Nf5 30. Red1 Nxd4 31. Kxd4 Rxb3 32. Bf1 Nb6+ 33. Ke4 Nxc4 34. Nc5 Rxd1 35. Rxd1 Rb4 36. Kf3 a5 37. Kg2 Nb6 38. Nd7+ Nxd7 39. Rxd7 a4 40. Ra7 c5 41. Rc7 a3 42. Rxc5 Ra4 43. Rc1 Ke7 44. Kf3 Kf6 45. Ra1 g5 46. hxg5+ Kxg5 47. Ra2 e5 48. Be2 f5 49. Ke3 Kf6 50. Kd2 f4 51. gxf4 exf4 52. f3 Ra7 53. Kc2 Kg5 54. Kb3 Rb7+ 55. Kxa3 Kh4 56. Rb2 Re7 57. Kb3 Kg3 58. Kc4 g5 59. Kd3 g4 60. fxg4 f3 1/2-1/2

[Event "TUR Cup"]
[Site "Antalya"]
[Date "2020.01.27"]
[Round "3"]
[White "Danaci, Ege"]
[Black "Agdelen, Huseyin Can"]
[Result "1/2-1/2"]
[WhiteElo "1974"]
[BlackElo "2199"]
[PlyCount "58"]
[EventDate "2020.01.26"]
[EventType "swiss"]
[EventRounds "11"]
[EventCountry "TUR"]
[SourceTitle "CBM 194 Extra"]
[Source "ChessBase"]
[SourceDate "2020.03.31"]
[SourceVersion "1"]
[SourceVersionDate "2020.03.31"]
[SourceQuality "1"]

1. e4 c5 2. Nc3 d6 3. d4 cxd4 4. Qxd4 Nc6 5. Qd2 g6 6. b3 Bh6 7. f4 Nf6 8. Bb2 0-0 9. 0-0-0 e5 10. g3 a5 11. Kb1 exf4 12. gxf4 a4 13. Qxd6 axb3 14. axb3 Qxd6 15. Rxd6 Ne8 16. Rd1 Bxf4 17. Nd5 Bg4 18. Be2 Bxe2 19. Nxe2 Bc7 20. Nd4 Bd8 21. Rhf1 Nd6 22. Nf5 Nxf5 23. exf5 Re8 24. fxg6 fxg6 25. Nf6+ Bxf6 26. Bxf6 Rf8 27. h4 Rf7 28. Bc3 Rxf1 29. Rxf1 Rf8 1/2-1/2

[Event "TUR-ch U13-U18"]
[Site "Antalya"]
[Date "2020.01.24"]
[Round "9"]
[White "Bicer, Atakan Mert"]
[Black "Danaci, Ege"]
[Result "1-0"]
[WhiteElo "2215"]
[BlackElo "1974"]
[PlyCount "51"]
[EventDate "2020.01.19"]
[EventType "swiss"]
[EventRounds "11"]
[EventCountry "TUR"]
[SourceTitle "CBM 195 Extra"]
[Source "ChessBase"]
[SourceDate "2020.05.31"]
[SourceVersion "1"]
[SourceVersionDate "2020.05.31"]
[SourceQuality "1"]

1. c4 e5 2. g3 Nc6 3. Bg2 h5 4. h4 Bc5 5. Nc3 d6 6. e3 Bg4 7. Nge2 Nge7 8. a3 a5 9. b3 Bb6 10. Bb2 Qd7 11. Qc2 Nd8 12. 0-0-0 c6 13. f3 Bf5 14. e4 Bh7 15. d4 Qc7 16. Na4 Ba7 17. f4 0-0 18. dxe5 dxe5 19. Bxe5 Qc8 20. c5 f5 21. Bh3 Qe6 22. Nd4 Qf7 23. Nf3 Bg6 24. Ng5 Qe8 25. Qb2 fxe4 26. Bd7 1-0